000 00462nam a2200181Ia 4500
008 240729s9999 xx 000 0 und d
022 _a1940-3372
245 4 _aThe Plant Genome
260 _aUnited States
260 _bWiley
650 _a Biology (General)
650 _a Genetics
650 _a Plant culture | Science
650 _aAgriculture
856 _uhttps://doaj.org/toc/e3710c5e737042a8b395be8c161883a7
942 _2ddc
942 _cDOAJEJ
999 _c72651
_d72651
945 _a1
_bMadushi Gamage
_c1
_dMadushi Gamage